Countries by second most populous city (Difficulty level= WTF!) - Statistics

General Stats
  • This quiz has been taken 721 times
  • The average score is 49 of 190
Answer Stats
Country City % Correct
Italy Milan
88%
Spain Barcelona
84%
France Marseille
84%
Germany Hamburg
83%
Russia Saint Petersburg
83%
Portugal Porto
81%
Netherlands Rotterdam
80%
United States Los Angeles
77%
Ireland Cork
76%
Switzerland Geneva
76%
Poland Kraków
75%
China Beijing
74%
Brazil Rio de Janeiro
73%
India Delhi
72%
Turkey Ankara
71%
Australia Melbourne
71%
Canada Montreal
70%
Norway Bergen
69%
Egypt Alexandria
68%
Sweden Gothenburg
68%
Vietnam Hanoi
68%
Israel Tel Aviv-Jafo
68%
Greece Thessaloniki
68%
United Arab Emirates Abu Dhabi
67%
New Zealand Wellington
66%
Croatia Split
64%
South Korea Busan
62%
Austria Graz
61%
South Africa Pretoria
61%
Denmark Aarhus
60%
Czech Republic Brno
60%
Mexico Guadalajara
60%
Bangladesh Chittagong
58%
Saudi Arabia Jeddah
58%
Pakistan Lahore
58%
United Kingdom Leeds
58%
Ukraine Kharkiv
57%
Kazakhstan Astana
56%
Colombia Medellin
55%
Belgium Ghent
54%
Ecuador Quito
53%
Morocco Fez
52%
Romania Cluj-Napoca
50%
Japan Yokohama-Shi
49%
Syria Damascus
48%
Serbia Novi Sad
48%
Argentina Cordoba
45%
Kenya Mombasa
45%
Algeria Oran
45%
Lithuania Kaunas
44%
Finland Tampere
44%
Nigeria Kano
43%
Indonesia Surabaya
43%
Liechtenstein Vaduz
43%
Iraq Basra
42%
Libya Benghazi
42%
Bulgaria Plovdiv
41%
Albania Durrës
40%
Phillipines Manila
40%
Cameroon Yaounde
40%
Cuba Santiago de Cuba
39%
Dominican Republic Santiago de los Caballeros
39%
Lebanon Tripoli
38%
Yemen Aden
36%
Venezuela Maracaibo
36%
Slovakia Kosice
35%
Sierra Leone Bo
34%
Afghanistan Kandahar
34%
Myanmar Mandalay
34%
Cyprus Limassol
33%
Moldova Tiraspol
33%
Malaysia | St Vincent and the Grenadines Georgetown
32%
Belarus Gomel
32%
Slovenia Maribor
32%
Estonia Tartu
32%
Bosnia and Herzegovina Banja Luka
29%
Iran Mashhad
27%
Tunisia Sfax
27%
Democratic Republic of the Congo Lubumbashi
26%
Latvia Daugavpils
23%
Taiwan Kaohsiung
23%
Ghana Kumasi
22%
Georgia Batumi
21%
Equatorial Guinea Malabo
21%
Honduras San Pedro Sula
20%
Sudan Khartoum
19%
Kyrgyzstan Osh
19%
Fiji Suva
19%
Azerbajan Ganja
16%
Kosovo Prizren
16%
Luxembourg Esch-Uelzecht
14%
Somalia Hargeisa
14%
Federates States of Micronesia Palikir
14%
Nauru Yaren
14%
Macedonia Bitola
13%
Peru Trujillo
12%
Zimbabwe Bulawayo
11%
North Korea Hamhung
11%
Papua New Guinea Lae
11%
Swaziland Mbabane
11%
Republic of The Congo Pointe-Noire
11%
Namibia Walvis Bay
11%
Guinea Conakry
10%
Andorra Escaldes-Engordany
10%
Bolivia El Alto
8%
Botswana Francistown
8%
Armenia Gyumri
8%
Montenegro Niksic
8%
Nepal Pokhara
8%
Paraguay Ciudad del Este
7%
Angola Huambo
7%
Uruguay Salto
7%
Jordan Zarqa
7%
Burkina Faso Bobo-Dioulasso
6%
Iceland Kópavogur
6%
Panama San Jose de David
6%
Malta San Pawl il-Baħar
6%
Haiti Cap-Haïtien
5%
Bahamas Freeport
5%
Tanzania Mwanza
5%
Laos Pakse
5%
Gabon Port-Gentil
5%
Costa Rica Puerto Limon
5%
El Salvador Santa Ana
5%
Jamaica Spanish Town
5%
Central African Republic Bimbo
4%
San Marino Borgo Maggiore
4%
Tajikistan Khujand
4%
Uzbekistan Namangan
4%
Zambia Kitwe
3%
Brunei Kuala Belait
3%
Benin Abomey-Calavi
2%
Ethiopia Adama
2%
Cote d'Ivore Bouaké
2%
Gambia Brikama
2%
Mongolia Darkhan
2%
Chile Iquique
2%
Eritrea Keren
2%
Cambodia Krong Ta Khmau
2%
Suriname Lelydorp
2%
Mozambique Matola
2%
Cape Verde Mindelo
2%
Guatamala Mixco
2%
Thailand Nonthaburi
2%
Mauritania Nouadhibou
2%
Bhutan Phuntsholing
2%
Bahrain Riffa
2%
Belize San Ignacio
2%
Oman Seeb
2%
Mali Sikasso
2%
Madagascar Toamasina
2%
Turkmenistan Turkmenabad
2%
Maldives Addu City
1%
Djibouti Ali Sabieh
1%
Antigua and Barbuda All Saints
1%
Qatar Al Wakrah
1%
Guinea-Bissau Bafata
1%
Kiribati Betio
1%
Rwanda Butare
1%
Liberia Gbarnga
1%
Solomon Islands Gizo
1%
Senegal Grand Dakar
1%
Marshall Islands Kwajelein Atoll
1%
Guyana Linden
1%
Vanuatu Luganville
1%
Chad Moundou
1%
Burundi Muyinga
1%
Dominica Portsmouth
1%
Togo Sokode
1%
Barbados Speightstown
1%
Palau Airai
0%
Seychelles Anse Boileau
0%
Niger Arlit
0%
Malawi Bilantyre
0%
Sri Lanka Dehiwala-Mount Lavinia
0%
Tuvalu Fakaifu
0%
Samoa Faleasiu
0%
Grenada Gouyave
0%
St Lucia Gros Islet
0%
South Sudan Malakal
0%
Nicaragua Matagalpa
0%
Comoros Moutsamoudou
0%
Uganda Nansana
0%
Tonga Neiafu
0%
St Kitts and Nevis Saint John Figtree
0%
East Timor Same
0%
Sao Tome and Principe Santo Amaro
0%
Lesotho Teyateyaneng
0%
Mauritius Vacoas-Phoenix
0%
No matching quizzes found
Score Distribution
Percent of People with Each Score
Percentile by Number Answered
Your Score History
You have not taken this quiz